000
00212nam a22000857a 4500
008
170131b xxu||||| |||| 00| 0 eng d
100
_9
2691
_a
Chrismer.M
245
_a
Multiply This
260
_a
New York
_b
Scholastic
_c
2005
999
_c
5852
_d
5852